000 00490nam a2200157Ia 4500
008 231217s9999 xx 000 0 und d
041 _aEnglish
082 _a658.568 COS;1 R
100 _aCostin, Harry Ivan
245 0 _aStrategies for quality improvement : TQM, reengineering and ISO 9000
250 _a2nd ed
260 _c1999
_bHarcourt Brace college
_aFort Worth
300 _axxiii+665
650 _aStrategies,quality,improvement,:,TQM,,reengineering,ISO,9000
942 _cAA
999 _c170497
_d170497